Global financial contagion : (Record no. 18781)
[ view plain ]
| 000 -LEADER | |
|---|---|
| fixed length control field | 01561cam a2200313 i 4500 |
| 001 - CONTROL NUMBER | |
| control field | 17716097 |
| 005 - DATE AND TIME OF LATEST TRANSACTION | |
| control field | 20201128021150.0 |
| 008 - FIXED-LENGTH DATA ELEMENTS--GENERAL INFORMATION | |
| fixed length control field | 130429s2014 xxu frb f001 0 eng d |
| 010 ## - LIBRARY OF CONGRESS CONTROL NUMBER | |
| LC control number | 2013015857 |
| 020 ## - INTERNATIONAL STANDARD BOOK NUMBER | |
| International Standard Book Number | 9781107027206 (hardback : alk. paper) |
| 020 ## - INTERNATIONAL STANDARD BOOK NUMBER | |
| International Standard Book Number | 9781107609617 (pbk. : alk. paper) |
| 040 ## - CATALOGING SOURCE | |
| Original cataloging agency | DLC |
| Language of cataloging | eng |
| Transcribing agency | DLC |
| Modifying agency | DLC |
| -- | EG-ScBUE |
| 082 00 - DEWEY DECIMAL CLASSIFICATION NUMBER | |
| Classification number | 332.042 |
| Edition number | 22 |
| Item number | SHA |
| 100 1# - MAIN ENTRY--PERSONAL NAME | |
| Personal name | Sharma, Shalendra D., |
| Dates associated with a name | 1958- |
| 9 (RLIN) | 12775 |
| 245 10 - TITLE STATEMENT | |
| Title | Global financial contagion : |
| Remainder of title | building a resilient world economy after the subprime crisis / |
| Statement of responsibility, etc | Shalendra D. Sharma. |
| 260 ## - PUBLICATION, DISTRIBUTION, ETC. (IMPRINT) | |
| Place of publication, distribution, etc | New York, United States : |
| Name of publisher, distributor, etc | Cambridge University Press, |
| Date of publication, distribution, etc | 2014. |
| 300 ## - PHYSICAL DESCRIPTION | |
| Extent | x, 394 p. ; |
| Dimensions | 24 cm. |
| 500 ## - GENERAL NOTE | |
| General note | Index : p. 369-394. |
| 504 ## - BIBLIOGRAPHY, ETC. NOTE | |
| Bibliography, etc | Bibliography : p. 331-368. |
| 505 0# - FORMATTED CONTENTS NOTE | |
| Formatted contents note | The United States: why the trigger ?-The Bush and Obama administration's response-From the American to the European crisis-The Eurozone's sovereign debt crisis-Russia : not an exceptional country- China : from crisis management to rebalancing-Japan, South Korea and India : impact and recovery -The Middle-East amidst the global financial crisis-The Great Recession and the world's poorest-G-20 world : economic governance for the post-crisis world. |
| 650 #0 - SUBJECT ADDED ENTRY--TOPICAL TERM | |
| Topical term or geographic name as entry element | Global Financial Crisis, 2008-2009 |
| 9 (RLIN) | 12473 |
| 650 #0 - SUBJECT ADDED ENTRY--TOPICAL TERM | |
| Topical term or geographic name as entry element | International finance |
| 9 (RLIN) | 1619 |
| 650 #0 - SUBJECT ADDED ENTRY--TOPICAL TERM | |
| Topical term or geographic name as entry element | International trade |
| 9 (RLIN) | 4508 |
| 650 #0 - SUBJECT ADDED ENTRY--TOPICAL TERM | |
| Topical term or geographic name as entry element | International economic relations |
| 9 (RLIN) | 3036 |
| 653 ## - INDEX TERM--UNCONTROLLED | |
| Resource For college | BAEPS, Business Administration |
| Arrived date list | December2014 |
| 655 ## - INDEX TERM--GENRE/FORM | |
| Form subdivision | |
| -- | 34232 |
| 650 #0 - SUBJECT ADDED ENTRY--TOPICAL TERM | |
| 9 (RLIN) | 1135 |
| Topical term or geographic name as entry element | International relations |
| 942 ## - ADDED ENTRY ELEMENTS (KOHA) | |
| Source of classification or shelving scheme | Dewey Decimal Classification |
| Call number prefix | 332.042 SHA |
| Withdrawn status | Item status | Source of classification or shelving scheme | Damaged status | Not for loan | Vendor | Home library | Current library | Shelving location | Date acquired | Source of acquisition | Cost, normal purchase price | Serial Enumeration / chronology | Total Checkouts | Full call number | Barcode | Date last seen | Cost, replacement price | Koha item type |
|---|---|---|---|---|---|---|---|---|---|---|---|---|---|---|---|---|---|---|
| Dewey Decimal Classification | Baccah | Central Library | Central Library | First floor | 15/12/2014 | 245.00 | 20677 | 332.042 SHA | 000037178 | 15/07/2025 | 306.25 | Book - Borrowing |